Szántóföldi növénytermesztési ágazatok versenyeztetése lineáris programozási modellel a közvetlen támogatások figyelembevétele mellett

A növénytermesztési ágazatok egymással történő versenyeztetése napjainkban elég fontos szerepet tölt be, mivel a különböző adottságú területeken különböző termelési szerkezetekkel célszerű foglalkozni. Cikkünkben így a szántóföldi növénytermesztés vetésszerkezetének az optimalizálását (egyidejűleg a...

Teljes leírás

Elmentve itt :
Bibliográfiai részletek
Szerzők: Nagy Dávid
Csipkés Margit
Dokumentumtípus: Cikk
Megjelent: 2018
Sorozat:Jelenkori társadalmi és gazdasági folyamatok 13 No. 3-4
Kulcsszavak:Növénytermesztés - szántóföldi, Programozási modell - lineáris,
Online Access:http://acta.bibl.u-szeged.hu/62051
LEADER 03221nab a2200205 i 4500
001 acta62051
005 20260224081030.0
008 190930s2018 hu o 000 hun d
022 |a 1788-7593 
040 |a SZTE Egyetemi Kiadványok Repozitórium  |b hun 
041 |a hun 
100 1 |a Nagy Dávid 
245 1 0 |a Szántóföldi növénytermesztési ágazatok versenyeztetése lineáris programozási modellel a közvetlen támogatások figyelembevétele mellett  |h [elektronikus dokumentum] /  |c  Nagy Dávid 
260 |c 2018 
300 |a 21-32 
490 0 |a Jelenkori társadalmi és gazdasági folyamatok  |v 13 No. 3-4 
520 3 |a A növénytermesztési ágazatok egymással történő versenyeztetése napjainkban elég fontos szerepet tölt be, mivel a különböző adottságú területeken különböző termelési szerkezetekkel célszerű foglalkozni. Cikkünkben így a szántóföldi növénytermesztés vetésszerkezetének az optimalizálását (egyidejűleg a jövedelem optimalizálását) végeztük el lineáris programozási modellezés segítségével. A módszer segítségével egy olyan optimális vetésszerkezet határozható meg, mely a zöldítés feltételeinek megfelel, valamint a támogatási lehetőségeket maximálisan ki tudjuk használni. Célunk egy olyan termelési szerkezet kialakítása volt, ahol a legnagyobb jövedelmet tudja az adott gazdálkodó elérni a termelési szerkezetével. A kutatásunk során általános célként a jövedelem maximalizálását, míg specifikus célként a zöldborsó versenyképességét tűztük ki a termeléshez kötött ipari zöldségnövény termesztésének támogatásának figyelembe vétele mellett. Külön vizsgálatot végeztünk el arra vonatkozóan, hogy a támogatások jövedelemre gyakorolt hatása milyen. Második specifikus cél az volt, hogy meghatározzuk a földbérlés gazdaságosságának határait (rendelkezésre álló tőke és földbérleti díj mellett) adott feltételek mellett. Competition in crop production sectors is playing an important role nowadays, as it is expedient to deal with different production structures in different areas. In this paper, we have optimized the sowing structure of arable crops (simultaneously the optimization of income) by means of linear programming modelling. This method allows us to define an optimum sowing structure that meets the requirements for greening and we can maximize the support options. Our goal was to create a production structure where the farmer can achieve the highest income with the production structure. In our research, we aimed to maximize income while targeting the competitiveness of green peas as a specific objective, taking into account the support for the production of industrial green vegetable crops. We did a separate study on how the effect of subsidies on income is. A second specific objective was to determine the boundaries of the economy of land rent (with available capital and land rent fee) under the given conditions. 
695 |a Növénytermesztés - szántóföldi, Programozási modell - lineáris, 
700 0 1 |a Csipkés Margit  |e aut 
856 4 0 |u http://acta.bibl.u-szeged.hu/62051/1/jelenkori_013_003_004_021-032.pdf  |z Dokumentum-elérés